00487nam a2200193Ia 450000500170000000800410001702000150005808200130007310000060008624500470009226000450013930000190018465000110020365000140021465000130022865000140024165000110025570000270026620240715012649.0240331s9999 xx 000 0 und d a0195664485 bRELa200 a  0aReligious movements in south Asia 600-1800 aNew DelhibOxford University Pressc2004 aviii, 380 p ., aSocial aEconomics aReligion aPolitical aSocial aLorenzen N. Davideedt